| 000 | 00629nam a2200205 a 4500 | ||
|---|---|---|---|
| 001 | 000045401 | ||
| 005 | 20201002050131.0 | ||
| 008 | 120119s1994 sp f 000 0 spa d | ||
| 020 | _a8420646504 | ||
| 040 |
_aDO-SdBNP _bspa _cBNPHU |
||
| 082 |
_axxxx _bP438r |
||
| 100 | 1 |
_aPérez Sánchez, Alfonso E. _d1935-2010 _973442 |
|
| 245 | 1 | 3 |
_aRibera / _cAlfonso E. Pérez Sánchez. |
| 260 |
_aMadrid : _bAlianza Editorial, _bGrupo Anaya, _c1994. |
||
| 300 |
_aviii, 61 p. : _blam. ; _c15 cm. |
||
| 490 | 1 |
_aAlianza cien ; _v50 ; |
|
| 500 | _aLibro de bolsillo | ||
| 590 | _aInventariado, 2019/ YL | ||
| 830 | 0 |
_aAlianza cien _n50 _973443 |
|
| 999 |
_c44890 _d44890 |
||